Del amor y otros demonios

Salvato in:
Dettagli Bibliografici
Autore principale: García Márquez, Gabriel (Autore)
Natura: Libro
Lingua:spagnolo
Pubblicazione: Buenos Aires Sudamericana 1994
Edizione:2a. ed
Soggetti:
Tags: Aggiungi Tag
Nessun Tag, puoi essere il primo ad aggiungerne!!

MARC

LEADER 00000nam a2200000 a 4500
001 UCY5313
003 CL-VaPUC
008 950426e19940000AG |||||||||||||||||spa|d
082 0 4 |a Co863  |b GAR  |2 21 
100 0 |a García Márquez, Gabriel  |e author  |9 318478 
245 1 0 |a Del amor y otros demonios 
250 |a 2a. ed 
300 |a 201 p 
942 |c BK 
945 |d 19950426 00:00:00  |a rbrito 
260 |a Buenos Aires  |b Sudamericana  |c 1994 
650 0 |a Novelas colombianas  |9 266734 
583 |a last modification  |c 19950426 00:00:00  |k Rodrigo Vera 
999 |c 232996  |d 232994 
952 |0 0  |1 0  |4 0  |6 CO_863_000000000000000_GAR_1994  |7 0  |8 A  |9 238037  |a BIBEDU  |b BIBEDU  |d 2019-11-18  |i 3079716  |l 4  |m 1  |o Co863 GAR 1994  |p 3079716  |r 2024-04-16  |s 2024-03-12  |w 2019-11-18  |y BK  |k LIT